LEADER 00913nam a2200217 i 4500 001 000000223917 003 CaOOAMICUS 005 20240902121808.0 008 131022s1822 it u000 u ita u 013 $a202815 026 $ao,le tap- o,a- plda (7) 1822 (A) 040 $aSeMil$bita 245 10$aTom. 8. 300 $a278, [2] p. 773 0 $aKant, Immanuel <1724-1804>$tCritica della ragione pura di Manuele Kant traduzione dal tedesco. Tom 1. [-8.].$dPavia : presso i Collettori : coi tipi di Pietro Bizzoni successore di Bolzani, 1820-1822 (Pavia : Germano Giuseppe, Rolla Luigi, Sacchi Defendente Collettori)$kCollezione dei classici metafisici$g8$w()4643 850 $aSeMil 852 $aSeMil$W1$xVenegono$y1$m2R I 101 FA$j174263$B174263$CSeMilBibl$Z2$F184427 $8I 941 1 $a10 961 $aRecupero: Mantegazza 996 $6245$aTom. 8$9(OLS)http://semarc/title/136899 LEADER 01082nam a2200193 i 4500 001 000000030317 003 CaOOAMICUS 005 20180830125449.0 008 180830s1932 fr u000 u und u 040 $aSeMil$bita 100 1 $aLusseau, Henri.$0(OLS)http://semarc/name/3290 245 10$aManuel d'études bibliques :$brédigé conformément aux directives données par S.S. Pie 10. aux professeurs d'Ecriture Sainte. Lettre apostostolique «Quoniam in re biblica» (27 mars 1906) /$cAbbé Lusseau, Abbé Collomb. 260 $aParis :$bTéqui,$c1932. 300 $av. ;$c23 cm. 650 4$aBibbia - Commentari, studi, critica, interpretazioni.$0(OLS)http://semarc/subject/783 700 1 $aCollomb, Marcel.$0(OLS)http://semarc/name/3291 774 0 $tEvangiles.$gTome4$w()231885 996 $6245$aManuel d'études bibliques :$brédigé conformément aux directives données par S.S. Pie 10. aux professeurs d'Ecriture Sainte. Lettre apostostolique «Quoniam in re biblica» (27 mars 1906)$9(OLS)http://semarc/title/41254 996 $6260$aParis :$bTéqui$9(OLS)http://semarc/publisher/30134